<?xml version="1.0" encoding="UTF-8"?>
<record
    xmlns:xsi="http://www.w3.org/2001/XMLSchema-instance"
    xsi:schemaLocation="http://www.loc.gov/MARC21/slim http://www.loc.gov/standards/marcxml/schema/MARC21slim.xsd"
    xmlns="http://www.loc.gov/MARC21/slim">

  <leader>01045nam a2200253 i 4500</leader>
  <controlfield tag="001">143062</controlfield>
  <controlfield tag="003">ES-MaACL</controlfield>
  <controlfield tag="005">20230906200717.0</controlfield>
  <controlfield tag="007">t|</controlfield>
  <controlfield tag="008">070214s1904    xxu     r    ||||1| spa d</controlfield>
  <datafield tag="245" ind1="0" ind2="0">
    <subfield code="a">Mexican and Central American antiquities, calendar systems and History</subfield>
    <subfield code="b">: twenty-four papers / </subfield>
    <subfield code="c">by Eduardo Seler... [et al.] ; translated from the German under the supervision of Charles P. Bowditch.</subfield>
  </datafield>
  <datafield tag="260" ind1=" " ind2=" ">
    <subfield code="a">Washington : </subfield>
    <subfield code="b">[s. n.], </subfield>
    <subfield code="c">1904 (</subfield>
    <subfield code="f">Goverment Printing Office)</subfield>
  </datafield>
  <datafield tag="300" ind1=" " ind2=" ">
    <subfield code="a">682 p. : </subfield>
    <subfield code="b">il. ; </subfield>
    <subfield code="c">24  cm.</subfield>
  </datafield>
  <datafield tag="490" ind1="1" ind2=" ">
    <subfield code="a">Bureau of American Technology Bulletin ; </subfield>
    <subfield code="v">28</subfield>
  </datafield>
  <datafield tag="530" ind1=" " ind2=" ">
    <subfield code="a">Disponible tambi&#xE9;n en forma digital en Internet Archive Web site.</subfield>
  </datafield>
  <datafield tag="650" ind1=" " ind2="4">
    <subfield code="a">Mayas-</subfield>
    <subfield code="x">Restos arqueol&#xF3;gicos.</subfield>
    <subfield code="9">14867</subfield>
  </datafield>
  <datafield tag="650" ind1=" " ind2="4">
    <subfield code="a">Calendario maya.</subfield>
    <subfield code="9">159083</subfield>
  </datafield>
  <datafield tag="651" ind1=" " ind2="4">
    <subfield code="a">M&#xE9;xico-</subfield>
    <subfield code="x">Restos arqueol&#xF3;gicos.</subfield>
    <subfield code="9">148679</subfield>
  </datafield>
  <datafield tag="700" ind1="1" ind2=" ">
    <subfield code="a">Seler, Eduardo.</subfield>
    <subfield code="9">105297</subfield>
  </datafield>
  <datafield tag="700" ind1="1" ind2=" ">
    <subfield code="a">Bowditch, Charles P.</subfield>
    <subfield code="9">31131</subfield>
  </datafield>
  <datafield tag="830" ind1="0" ind2=" ">
    <subfield code="a">Bureau of American Technology Bulletin ; </subfield>
    <subfield code="v">28</subfield>
    <subfield code="9">220533</subfield>
  </datafield>
  <datafield tag="852" ind1=" " ind2=" ">
    <subfield code="a">ES-MaACL</subfield>
    <subfield code="j">G-15387</subfield>
  </datafield>
  <datafield tag="999" ind1=" " ind2=" ">
    <subfield code="c">143062</subfield>
    <subfield code="d">143062</subfield>
  </datafield>
  <datafield tag="952" ind1=" " ind2=" ">
    <subfield code="0">0</subfield>
    <subfield code="1">0</subfield>
    <subfield code="4">0</subfield>
    <subfield code="7">0</subfield>
    <subfield code="a">ATENEOM</subfield>
    <subfield code="b">ATENEOM</subfield>
    <subfield code="c">SPP3</subfield>
    <subfield code="d">2008-01-17</subfield>
    <subfield code="e">SC</subfield>
    <subfield code="l">0</subfield>
    <subfield code="o">G-15387</subfield>
    <subfield code="p">1148847</subfield>
    <subfield code="r">2023-02-23 00:00:00</subfield>
    <subfield code="w">2023-02-23</subfield>
    <subfield code="y">MONOGRAFIA</subfield>
  </datafield>
</record>
